| 000 | 00683nam a22002177a 4500 | ||
|---|---|---|---|
| 999 |
_c13129 _d13129 |
||
| 003 | AR-CdUCM | ||
| 008 | 190411b ||||| |||| 00| 0 spa d | ||
| 040 |
_aMUNICIPALIDAD PROVINCIAL DEL CUSCO _cBIBLIOTECA MUNICIPAL DEL CUSCO |
||
| 082 |
_aES / 373.808 / _bSO66 |
||
| 100 |
_aSolar Cespedes, José Augusto del _912434 |
||
| 245 | _aEl viaje de mostashio y 7 cuentos diferentes / | ||
| 260 |
_aLima : _bGraficart SRL, _c2007. |
||
| 300 |
_a179 paginas ; _c21 cm. |
||
| 500 | _aCuentos | ||
| 650 |
_aCuentos _9217 |
||
| 650 |
_aHistorias _92725 |
||
| 650 |
_aLiteratura _983 |
||
| 700 |
_aUrsula Izquierdo, Ursula del _931342 |
||
| 942 |
_2ddc _cLIBROS |
||
| 945 |
_apjha _d2019-04-11 |
||